000 01730nam a2200505 i 4500
001 1839
003 KOSZ 005
005 20200526082814.0
008 991116s1982 pl a f f |000 0 pol
015 _aUWD 1982/3701
020 _a8301037199
035 _a991012022299705066
035 _a(PL-WaBN)b13259878-48omnis_nlop
035 _ab13259878
035 _a(OCoLC)830306338
035 _a(PL)b0000001325987
035 _a(EXLNZ-48OMNIS_NETWORK)9910500491705606
040 _aWA N
_cWA N
_dKOSZ 005/HR
041 0 _apol
046 _k1982
080 _a624.012.4
080 _a(075.8)
100 1 _aGrabiec, Kalikst
_d(1920-2002)
_eAutor
245 1 0 _aBetonowe konstrukcje sprężone :
_b[podręcznik dla politechnik] /
_cKalikst Grabiec, Jerzy Kampioni.
260 _aWarszawa ;
_aPoznań :
_bPaństwowe Wydawnictwo Naukowe,
_c1982.
300 _a373, [2] s., [1] k. luź. :
_bil. tab. wykr. ;
_c24 cm.
336 _aTekst
_btxt
_2rdacontent
337 _aBez urządzenia pośredniczącego
_bn
_2rdamedia
338 _aWolumin
_bnc
_2rdacarrier
380 _aKsiążki
380 _aPublikacje dydaktyczne
385 _mPoziom nauczania
_aSzkoły wyższe
388 _a1901-2000
388 _a1945-1989
504 _aBibliogr. s. 372-373.
650 7 _aKonstrukcje betonowe
_2DBN
650 7 _aKonstrukcje sprężone
_2DBN
655 7 _aPodręczniki akademickie
_2DBN
658 _aArchitektura i budownictwo
700 1 _aKampioni, Jerzy
_eAutor
710 2 _aPaństwowe Wydawnictwo Naukowe
_4pbl
856 _uhttp://koha.tu.koszalin.pl/cgi-bin/koha/opac-detail.pl?biblionumber=1839
_zKatalog online BPK
942 _2UKD
_cKS
999 _c1839
_d1839